000 00723nam a2200205 a 4500
003 OSt
005 20140506082832.0
008 120629s19uu xx 00 eng d
020 _a9780199139415
050 _aQA 39.3
_b.W873 2010
100 _aWood, Gwen
_91576
245 _aOxford GCSE maths for Edexcel :
_bfoundation plus - teacher's guide /
_cGwen Wood, Ian Bettison.
260 _aOxford :
_bOxford University Press,
_c2010.
300 _a247 p. :
_bill. ;
_c27 cm.
650 _aMathematics
_xExaminations
_xStudy guides
_930716
650 _aMathematics
_xProblems, exercises, etc.
_930717
942 _2lcc
_cBK
999 _c115785
_d115785